| 000 | 00926nam a22002297a 4500 | ||
|---|---|---|---|
| 999 |
_c5467 _d5467 |
||
| 003 | AR-CdUCM | ||
| 008 | 190312b ||||| |||| 00| 0 spa d | ||
| 040 |
_aMUNICIPALIDAD PROVINCIAL DEL CUSCO _cBIBLIOTECA MUNICIPAL DEL CUSCO |
||
| 082 |
_a808 / _bB72 |
||
| 100 |
_aBonet, Carmelo Melitón _916442 |
||
| 245 | _aLa técnica literaria y sus problemas / | ||
| 260 |
_aBuenos Aires : _bEditorial Nova, _c1968. |
||
| 300 |
_a137 páginas ; _c17 cm. |
||
| 440 |
_aCompendios Nova de iniciación cultural _n10 _916443 |
||
| 500 | _aDonación familia Luis Nieto | ||
| 505 | _aContenido: El arte de escribir: Vocación y estudio -- Empirismo y normas -- La iniciaron es difícil -- Trascendencia de las letras -- La forma salva al mundo -- La memoria en la comprensión literaria... | ||
| 650 |
_aPreceptiva literaria _98944 |
||
| 650 |
_aRetórica _912108 |
||
| 650 |
_aClasicismo _96266 |
||
| 942 |
_2ddc _cLIBROS |
||
| 945 | _adavv | ||